La iglesia esperanza del mundo
Salvato in:
| Autore principale: | |
|---|---|
| Natura: | Libro |
| Lingua: | spagnolo |
| Pubblicazione: |
Barcelona
Herder
1975
|
| Soggetti: | |
| Tags: |
Aggiungi Tag
Nessun Tag, puoi essere il primo ad aggiungerne!!
|
MARC
| LEADER | 00000nam a2200000 a 4500 | ||
|---|---|---|---|
| 001 | UCR2227 | ||
| 003 | CL-VaPUC | ||
| 008 | 980109e19750000SP |||||||||||||||||spa|d | ||
| 082 | 0 | 4 | |a 261 |b WRI |2 21 |
| 100 | 0 | |a Wright, John |e author |9 400032 | |
| 245 | 1 | 3 | |a La iglesia esperanza del mundo |
| 300 | |a 210 p | ||
| 942 | |c BK | ||
| 945 | |d 19980109 00:00:00 |a rleighto | ||
| 260 | |a Barcelona |b Herder |c 1975 | ||
| 650 | 0 | |a Iglesia |9 255004 | |
| 650 | 0 | |a Fe |9 308036 | |
| 650 | 0 | |a Teología |9 258766 | |
| 650 | 0 | |a Catequesis |9 314526 | |
| 650 | 0 | |a Acción social |9 307836 | |
| 650 | 0 | |a Cristianismo |9 257361 | |
| 583 | |a last modification |c 19980109 00:00:00 |k Rodrigo Vera | ||
| 999 | |c 265485 |d 265483 | ||
| 952 | |0 0 |1 0 |4 0 |6 261_000000000000000_WRI_1975 |7 0 |8 A |9 296429 |a BIBTEO |b BIBTEO |d 2019-11-20 |i 3369668 |o 261 WRI 1975 |p 3369668 |r 2025-01-17 |w 2019-11-20 |y BK |k ICR | ||